000 00733cam a2200253 a 4500
005 20250217031732.0
008 881221s1989 nyu 000 0 eng
010 _a 88043198
020 _a0394554868 :
_c$19.95
040 _aDLC
_cDLC
_dDLC
043 _ae-pl---
050 0 0 _aDK4442
_b.K38 1989
082 0 0 _a943.8/05
_219
100 1 _aKaufman, Michael T.
245 1 0 _aMad dreams, saving graces :
_bPoland, a nation in conspiracy /
_cMichael T. Kaufman.
250 _a1st ed.
260 _aNew York :
_bRandom House,
_cc1989.
300 _axi, 270 p. ;
_c24 cm.
651 0 _aPoland
_xHistory
_y1980-1989.
600 1 0 _aKaufman, Michael T.
653 _aPoland -- History -- 1980-1989.
942 _cBK
997 _akah
999 _c51194
_d51194